00378nam a2200133 a 450000500170000000800410001702000180005805000230007610000210009924500490012026000330016930000130020265000290021520140412111427.0090718s19uu xx 00 eng d a1-55268-582-9 aTR(PS EbWh55 1999 aCarmody, Colleen aWhat comes out of an egg /cColleen Carmody. aCanada :bScholastic,c1999. a1v. unp. aAnimals hatched from egg